00586nam a2200169 i 450000100060000000300090000600500170001500700030003200800410003510000390007624500530011526000350016830000420020385200320024599900170027795201220029468101ES-MaACL20230906170215.0t|040610s1971 sp ||||1| spa d1 aGanzenmueller Roig, Carlos.95389210aCuarto creciente / cCarlos Ganzenmüller Roig. aBarcelona : bEdisven, c1971. a168 p. : bil., retr. aut. ; c22 cm. aES-MaACLjC-38721 bR.78740 c68101d68101 00104070aATENEOMbATENEOMcDEPO2d2008-01-17eSCl0oC-38721p1071294r2023-02-23 00:00:00w2023-02-23yMONOGRAFIA